<?xml version="1.0" encoding="UTF-8"?>
<resp>
  <nextPage>https://data.bn.org.pl/api/networks/bibs.marcxml?marc=001+b1000000532900&amp;sinceId=1000000532901</nextPage>
  <collection>
    <record xmlns='http://www.loc.gov/MARC21/slim'><leader>01404nkm a2200433 i 4500</leader><controlfield tag='001'>b1000000532900</controlfield><controlfield tag='005'>20260417094809.0</controlfield><controlfield tag='007'>kj#ao##</controlfield><controlfield tag='008'>200317s1722    xx nnn            anger c</controlfield><controlfield tag='009'>9911346538605606</controlfield><datafield ind1=' ' ind2=' ' tag='035'><subfield code='a'>(PL)b1000000532900</subfield></datafield><datafield ind1=' ' ind2=' ' tag='040'><subfield code='a'>WA N</subfield><subfield code='c'>WA N</subfield><subfield code='d'>WA N</subfield></datafield><datafield ind1=' ' ind2=' ' tag='046'><subfield code='k'>1722?</subfield><subfield code='2'>edtf</subfield></datafield><datafield ind1='0' ind2='0' tag='245'><subfield code='a'>Hanns Balthasar Graf von Hoyos.</subfield></datafield><datafield ind1=' ' ind2=' ' tag='260'><subfield code='c'>[1722?].</subfield></datafield><datafield ind1=' ' ind2=' ' tag='300'><subfield code='a'>1 grafika :</subfield><subfield code='b'>miedzioryt ;</subfield><subfield code='c'>16,5x11,5 cm, z ramką 28,5x17,6 cm.</subfield></datafield><datafield ind1=' ' ind2=' ' tag='336'><subfield code='a'>Obraz</subfield><subfield code='b'>sti</subfield><subfield code='2'>rdacontent</subfield></datafield><datafield ind1=' ' ind2=' ' tag='337'><subfield code='a'>Bez urządzenia pośredniczącego</subfield><subfield code='b'>n</subfield><subfield code='2'>rdamedia</subfield></datafield><datafield ind1=' ' ind2=' ' tag='338'><subfield code='a'>Arkusz</subfield><subfield code='b'>nb</subfield><subfield code='2'>rdacarrier</subfield></datafield><datafield ind1=' ' ind2=' ' tag='380'><subfield code='a'>Grafiki</subfield></datafield><datafield ind1='1' ind2=' ' tag='388'><subfield code='a'>1701-1800</subfield></datafield><datafield ind1=' ' ind2=' ' tag='500'><subfield code='a'>Portret w ramce odbitej z oddzielnej płyty.</subfield></datafield><datafield ind1=' ' ind2=' ' tag='500'><subfield code='a'>Publikowana w: Conterfet Kupferstich soviel man deren zu handen bringen können..., tom 2, Lipsk 1722.</subfield></datafield><datafield ind1='1' ind2='7' tag='600'><subfield code='a'>Hoyos, Johann Balthasar von</subfield><subfield code='d'>(1583-1632)</subfield><subfield code='2'>DBN</subfield></datafield><datafield ind1=' ' ind2='7' tag='648'><subfield code='a'>1601-1700</subfield><subfield code='2'>DBN</subfield></datafield><datafield ind1=' ' ind2='7' tag='650'><subfield code='a'>Politycy i polityczki</subfield><subfield code='2'>DBN</subfield></datafield><datafield ind1=' ' ind2='7' tag='651'><subfield code='a'>Austria</subfield><subfield code='2'>DBN</subfield></datafield><datafield ind1=' ' ind2='7' tag='655'><subfield code='a'>Portrety</subfield><subfield code='2'>DBN</subfield></datafield><datafield ind1=' ' ind2='7' tag='655'><subfield code='a'>Miedzioryt</subfield><subfield code='2'>DBN</subfield></datafield><datafield ind1=' ' ind2=' ' tag='852'><subfield code='b'>48OMNIS_NETWORK</subfield><subfield code='8'>9911346538605606</subfield></datafield><datafield ind1=' ' ind2=' ' tag='852'><subfield code='b'>48OMNIS_NLOP</subfield><subfield code='8'>991052615052405066</subfield></datafield><datafield ind1=' ' ind2=' ' tag='852'><subfield code='8'>22607025760005066</subfield><subfield code='j'>1</subfield><subfield code='h'>G.51453/AFG.84/VI</subfield><subfield code='b'>BN_PL</subfield><subfield code='p'>888a0538918</subfield><subfield code='c'>bikon</subfield></datafield></record>
  </collection>
</resp>
